| 000 | 01277nam a22001937a 4500 | ||
|---|---|---|---|
| 999 |
_c62881 _d62881 |
||
| 003 | Ge_BSU | ||
| 005 | 20250314153104.0 | ||
| 008 | 250314s1938 ge ||||| |||| 00| 0 geo d | ||
| 041 | _ageo | ||
| 080 | _a616.1/4(075.8) შ-91 | ||
| 100 |
_aშტრუმპელი, ადოლფ _924562 |
||
| 245 |
_aშინაგან სნეულებათა კერძო პათოლოგია და თერაპია : _bსახელმძღვანელო სტუდენტთა და ექიმთათვის. სისხლის მიმოქცევის ორგანოთა დაავადებანი / _c ადოლფ შტრუმპელი ; თარგმანი უკანასკნელი მე-31-32 გამოცემიდან პროფ. ნ. მახვილაძის რედაქციით და წინასიტყვაობით. |
||
| 264 |
_aთბილისი, _c1938. |
||
| 300 |
_a160 გვ. : _bსურ. ; _c25 სმ. |
||
| 653 | _aშინაგანი დაავადებები | ||
| 653 | _aმედიცინა | ||
| 653 | _aსისხლის მიმოქცევის ორგანოები | ||
| 942 |
_2udc _cBK |
||